| 000 | 00000nam 2200000zi 4500 |
| 001 | 9.874616 |
| 003 | CaOODSP |
| 005 | 20250616155154 |
| 006 | m o d f |
| 007 | cr cn||||||||| |
| 008 | 190610t20192019onco ob f000 0 fre d |
| 020 | |a9780660313078 |
| 040 | |aCaOODSP|bfre|erda|cCaOODSP |
| 043 | |an-cn--- |
| 086 | 1 |aFR5-110/2019F-PDF |
| 245 | 00|aVoix à risque : |blignes directrices du Canada pour le soutien des défenseurs des droits de la personne. |
| 264 | 1|aOttawa (Ontario) : |bGouvernement du Canada = Government of Canada, |c[2019] |
| 264 | 4|c©2019 |
| 300 | |a1 ressource en ligne (44 pages) : |bphotographies |
| 336 | |atexte|btxt|2rdacontent/fre |
| 337 | |ainformatique|bc|2rdamedia/fre |
| 338 | |aressource en ligne|bcr|2rdacarrier/fre |
| 500 | |aTitre de la couverture. |
| 500 | |aPublié par Affaires mondiales Canada. |
| 500 | |aPublié aussi en anglais sous le titre : Voices at risk: Canada’s guidelines on supporting human rights defenders. |
| 504 | |aComprend des références bibliographiques. |
| 520 | |a« Les Canadiens attachent une grande importance aux droits de la personne. Ils s'attendent à ce que leur gouvernement contribue à mieux les faire respecter au Canada et partout dans le monde » -- Introduction, page 1. |
| 530 | |aÉgalement publié en version imprimée. |
| 650 | 6|aDroits de l'homme (Droit international)|xPolitique gouvernementale|zCanada. |
| 650 | 6|aDéfenseurs des droits de l'homme|xPolitique gouvernementale|zCanada. |
| 710 | 1 |aCanada. |bAffaires mondiales Canada, |eorganisme de publication. |
| 775 | 08|tVoices at risk : |w(CaOODSP)9.874614 |
| 775 | 08|t[Voix à risque] : |w(CaOODSP)9.913313 |
| 776 | 0#|tVoix a risqué : |w(CaOODSP)9.874618 |
| 795 | |tVoix à risque |b2017|w(CaOODSP)9.830436 |
| 856 | 40|qPDF|s3.82 Mo|uhttps://publications.gc.ca/collections/collection_2020/amc-gac/FR5-110-2019-fra.pdf |
| 856 | 4 |qHTML|sS.O.|uhttps://www.international.gc.ca/world-monde/issues_development-enjeux_developpement/human_rights-droits_homme/rights_defenders_guide_defenseurs_droits.aspx?lang=fra |